Sociology of Corruption and Corruption of Sociology: evaluating the contributions of Syed Hussein Alatas /
Este artículo examina la corrupción como un problema social y fenómeno que ilustra ciertos problemas de agenda de trabajo en sociología. El entendimiento de cuestiones tales como la de porqué la corrupción continúa estando, en gran parte, fuera del alcance de la sociología, y cómo las agendas de tra...
Сохранить в:
| Главный автор: | |
|---|---|
| Другие авторы: | |
| Формат: | Текст |
| Предметы: | |
| Метки: |
Добавить метку
Нет меток, Требуется 1-ая метка записи!
|
MARC
| LEADER | 00000 a a2200000 04500 | ||
|---|---|---|---|
| 001 | 4737 | ||
| 003 | |||
| 040 | |||
| 100 | |a Haque Khondker, Habibul | ||
| 245 | |a Sociology of Corruption and Corruption of Sociology: |b evaluating the contributions of Syed Hussein Alatas / |c Habibul Haque Khondker | ||
| 500 | |a Resumen también en francés y español en páginas145 | ||
| 520 | |a Este artículo examina la corrupción como un problema social y fenómeno que ilustra ciertos problemas de agenda de trabajo en sociología. El entendimiento de cuestiones tales como la de porqué la corrupción continúa estando, en gran parte, fuera del alcance de la sociología, y cómo las agendas de trabajo sociológicas son colocadas, puede ser encontrado en los trabajos de Syed Hussein Alatas, que escribió sobre corrupción en los años 50. En este artículo se argumenta que faltan una teorización sociológica y estudios empíricos al respecto | ||
| 650 | |a CORRUPCION | ||
| 650 | |a SOCIOLOGIA | ||
| 650 | |a TEORIA SOCIAL | ||
| 650 | |a INVESTIGACION SOCIAL | ||
| 700 | |a Alatas, Syed Hussein | ||
| 773 | |g volumen 54, número 1; páginas 25-39 | ||
| 999 | |c 24175 |d 24175 | ||
